| 000 | 01174nam a2200265Ia 4500 | ||
|---|---|---|---|
| 005 | 20240530110959.0 | ||
| 008 | 140319s2022 ua g b 000 0 ara d | ||
| 017 |
_a2021/25890 _bمصر. دار الكتب |
||
| 020 | _a9789778603101 | ||
| 040 |
_aGCL / _cGCL |
||
| 082 | 0 | 4 |
_221 _a371.3 _bأ ص |
| 100 | 0 | _aاحمد عبدالدايم عبدالغفار | |
| 245 | 1 | 2 |
_aالصف المقلوب والسقالة التعليمية : _bتطبيقات فى تدريس العلوم والرياضيات / _cتاليف احمد عبدالدايم عبدالغفار، محمد جاد الكريم عبدالعظيم |
| 250 | _aالاولى | ||
| 260 |
_aالقاهرة : _bالمركز الاكاديمى العربى، _c2022 |
||
| 300 |
_a239 ص ؛ _c24 سم |
||
| 504 | _aيشتمل على ارجاعات ببليوجرافية | ||
| 650 | 0 | 7 |
_2qrmak _aطرق التدريس |
| 650 | 0 | 7 |
_2qrmak _aالعلوم _xتدريس |
| 650 | 0 | 7 |
_2qrmak _aالرياضيات _xتدريس |
| 650 | 0 | 7 |
_2qrmak _aالمناهج |
| 700 | 0 |
_aمحمد جاد الكريم عبدالعظيم _eمؤلف مشارك |
|
| 942 |
_2ddc _cBK |
||
| 999 |
_c67145 _d67145 |
||